| 000 | 00709nam a2200289Ia 4500 | ||
|---|---|---|---|
| 008 | 210210b2007 xxu||||| |||| 00| 0 eng d | ||
| 020 | _a9788125030645 | ||
| 041 | _aeng | ||
| 082 | _a338 OCAP | ||
| 100 | _aOCAMPO (Jose Antonio) | ||
| 245 | _aPolicy matters: economic and social policies to sustain equitable development | ||
| 260 |
_aLondon _bOrient Longman _c2007 |
||
| 300 | _axv,347 | ||
| 650 | _ato | ||
| 650 | _asustain | ||
| 650 | _asocial | ||
| 650 | _aPolicy | ||
| 650 | _apolicies | ||
| 650 | _amatters: | ||
| 650 | _aequitable | ||
| 650 | _aeconomic | ||
| 650 | _adevelopment | ||
| 650 | _aand | ||
| 690 | _aEconomic Development | ||
| 700 | _aK S (Jomo) | ||
| 906 | _a065094 | ||
| 999 |
_c142614 _d142614 |
||